000
00332nam a22001457a 4500
008
230125b ||||| |||| 00| 0 eng d
020
_a
0824313305
041
_a
eng
080
_2
volume30
_a
616
082
_a
616COO
100
_a
14
101
_a
PATOFI
245
_a
ANNUAL REVIEW OF PHYTOPATHOLOGY
_c
COOK J R
942
_2
udc
_c
BK
999
_c
59280
_d
59280